000
00322nam a2200133Ia 4500
008
151001s9999||||xx |||||||||||||| ||und||
100
_a
हरी नारायण आपटे
245
_a
आजच
250
_a
1
260
_b
पटवर्धन अ वि
260
_c
1924
300
_a
200
365
_b
8.5
999
_c
950992
_d
950989